La familia del siglo XXI algunas novedades del Libro II del Cd̤igo Civil de Cataluą /

Detalles Bibliográficos
Otros Autores: Ginš Castellet, Nr︢ia (coor.)
Formato: eBook
Lenguaje:español
Publicado: Barcelona : Bosch Editor, 2011.
Colección:Coleccin̤ de formacin̤ continua.
Materias:
Acceso en línea:Acceso restringido

MARC

LEADER 00000nam a2200000 a 4500
005 20120725135834.0
007 cr cn|||||||||
008 201206r2011 sp |||||s|||||||||||spa d
020 |a 9788476989937 
035 |a 6393 
040 |a FlNmELB  |c FlNmELB  |d BUS  |d vLex 
080 |a 34 
082 0 4 |a 346.015  |2 22 
090 |c 3324  |d 3324 
245 0 3 |a La familia del siglo XXI  |h [Recurso electrn̤ico] :  |b algunas novedades del Libro II del Cd̤igo Civil de Cataluą /  |c Nr︢ia Ginš Castellet (Coords.) 
256 |a Servicio en ln̕ea. 
260 |a Barcelona :  |b Bosch Editor,  |c 2011. 
300 |a 1 recurso electrn̤ico 
490 0 |a Coleccin̤ de formacin̤ continua. 
506 |a Contenido solo disponible en los productos indicados  |d vLex Global   |d vLex Global (Academic Edition, excluding Law Schools)   |d vLex Global (U.S. Academic Edition, Law Schools)   |d vLex Global (U.S. Academic Edition, excluding Law Schools)   |d vLex Global (Academic Edition, Law Schools)  
650 0 4 |a Derecho civil 
650 0 4 |a Familia 
700 1 |a Ginš Castellet, Nr︢ia,   |e coor. 
740 0 |a vLex Libros (Servicio en ln̕ea) 
856 4 0 |u http://vlex.com/source/familia-siglo-xxi-algunas-novedades-libro-ii-codigo-civil-catalu-a-6393  |z Acceso restringido 
942 |c BOOK 
999 0 |a Civil law 
999 0 |a Family